Koszty wlasne.
Výsledky výskumu. Štruktúra nákladov. Priemerná štruktúra nákladov. Dominujúce faktory tvorby nákladov. Vybrané faktory rastu jednotkových nákladov. Faktory pôsobiace na rast nákladov. Miera citlivosti podnikov na výkyvy úrokovej miery.
Saved in:
| Main Author: | |
|---|---|
| Format: | Book Chapter |
| Language: | Polish |
| Subjects: | |
| Tags: |
No Tags, Be the first to tag this record!
|
MARC
| LEADER | 00000naa a2200000 4500 | ||
|---|---|---|---|
| 001 | r009301 | ||
| 005 | 20221125122854.0 | ||
| 041 | 0 | |a pol | |
| 044 | |a PL | ||
| 245 | 1 | 0 | |a Koszty wlasne. |c P. Boguszewski |
| 520 | |a Výsledky výskumu. Štruktúra nákladov. Priemerná štruktúra nákladov. Dominujúce faktory tvorby nákladov. Vybrané faktory rastu jednotkových nákladov. Faktory pôsobiace na rast nákladov. Miera citlivosti podnikov na výkyvy úrokovej miery. | ||
| 610 | 2 | 0 | |a náklady vlastné |
| 610 | 2 | 0 | |a výskum ekonomický |
| 610 | 2 | 0 | |a náklady jednotkové |
| 610 | 2 | 0 | |a miera úroková |
| 610 | 2 | 0 | |a údaje štatistické |
| 610 | 2 | 0 | |a podnik priemyselný |
| 100 | 1 | |a Boguszewski, P. | |